Informe sobre Chile 2000

Saved in:
Bibliografiske detaljer
Format: Bog
Sprog:spansk
Udgivet: Santiago Gestión 2000
Serier:Colección Estrategia
Fag:
Tags: Tilføj Tag
Ingen Tags, Vær først til at tagge denne postø!

MARC

LEADER 00000nam a2200000 a 4500
001 UCO3867
003 CL-VaPUC
008 000728e20000000CL |||||||||||||||||spa|d
082 0 4 |a 318.3  |b INF  |2 21 
245 1 0 |a Informe sobre Chile 2000 
300 |a 260 p 
942 |c BK 
945 |d 20000728 00:00:00  |a vberengu 
260 |a Santiago  |b Gestión  |c 2000 
500 |a Incluye disquette 
650 0 |a Comercio exterior  |9 257617 
650 7 |a CUENTAS NACIONALES  |2 CL-VaPUC  |9 344474 
650 0 |a Demografía   |9 260008 
650 0 |a Educación  |9 258661 
650 7 |a FONDO DE PENSIONES  |2 CL-VaPUC  |9 344475 
650 0 |a Inversiones extranjeras  |9 255451 
650 7 |a ORGANIZACION ADMINISTRATIVA  |2 CL-VaPUC  |9 257438 
650 7 |a ORGANIZACION POLITICA  |2 CL-VaPUC  |9 257437 
650 0 |a Precios   |9 260787 
650 7 |a REMUNERACIONES  |2 CL-VaPUC  |9 371777 
650 0 |a Salud  |9 258663 
650 7 |a SEGUROS  |2 CL-VaPUC  |9 447864 
651 7 |a CHILE  |2 CL-VaPUC  |9 447865 
583 |a last modification  |c 20000728 00:00:00  |k Rodrigo Vera 
490 0 |a Colección Estrategia 
999 |c 289993  |d 289991 
952 |0 0  |1 0  |4 0  |6 318_300000000000000_INF_2000  |7 0  |8 F  |9 339053  |a BIBING  |b BIBING  |d 2019-11-20  |i 3636674  |o 318.3 INF 2000  |p 3636674  |r 2025-01-20  |w 2019-11-20  |y BK_F  |k TRA 
952 |0 0  |1 0  |4 0  |6 318_300000000000000_INF_2000  |7 0  |8 F  |9 339054  |a BIBENE  |b BIBENE  |d 2019-11-20  |i 3636682  |o 318.3 INF 2000  |p 3636682  |r 2025-01-15  |w 2019-11-20  |y BK_F  |k ICO